Anlamlı yaşam öyküleri (Record no. 1605)

MARC details
000 -BAŞLIK
Sabit Uzunlukta Kontrol Alanı 00680na a2200253 4500
001 - KONTROL NUMARASI
Denetim Alanı 15998
003 - KONTROL NUMARASI IDENTIFIER
Denetim Alanı MIRAKIL
005 - SON İŞLEM TARİHİ VE ZAMANI
Denetim Alanı 20181213154829.0
008 - SABİT-BOY VERİ ELEMANLARI - GENEL BİLGİLER
Sabit Uzunlukta Kontrol Alanı 161001b tu 000 0
020 ## - ULUSLARARASI STANDART KİTAP NUMARASI
Uluslararası Standart Kitap Numarası 9786056185007
035 ## - SİSTEM KONTROL NUMARASI
Sistem Kontrol Numarası 15998
040 ## - KATALOGLAMA KAYNAK
Orijinal Kataloglama Ajansı Milas
Kataloglama Dili tur
Metne Dönüştürmek Ajansı TR-AnCHP
041 ## - DİL KODU
Metin / Ses Parça Veya Ayrı Başlığın Dil Kodu tur
082 ## - DEWEY ONLU SINIFLANDIRMA NUMARASI
Sınıflandırma Numarası 813.42
Ürün Numarası Ö94a 2010
090 ## - SINIFLAMA NUMARASI
Sınıflama Numarası 813.42 Ö94a 2010
100 ## - ANA GİRİŞ - KİŞİSEL İSİM
Kişisel Ad Özkahraman, Beyzade
245 ## - BAŞLIK TABLOSU
Başlık Anlamlı yaşam öyküleri
Sorumluluk Tablosu, Vb Beyzade Özkahraman
260 ## - YAYIN, DAĞITIM, VB
Yayın, Dağıtım, Vb Yeri İstanbul
Yayıncı, Dağıtıcı, Vs Adı [yayl. y.]
Yayın, Dağıtım, Vb Tarihi 2010
Üretici Firma Bayrak Matbaası
300 ## - FİZİKSEL TANIM
Kapsam 272 s.
Boyutlar 19 sm.
650 ## - KONU KATMA GİRİŞ - TOPİKAL DÖNEM
Topikal Süreli Veya Coğrafi Ad Giriş Elemanı Öyküler
650 ## - KONU KATMA GİRİŞ - TOPİKAL DÖNEM
Topikal Süreli Veya Coğrafi Ad Giriş Elemanı Türk edebiyatı
Genel Alt Bölümü Öyküler
942 ## - EKLENDİ GİRİŞ ELEMANLARI (KOHA)
Sınıflandırma Veya Raf Düzeni Kaynak Dewey Decimal Classification
Koha Öğesi Türü Books
999 ## - SİSTEM KONTROL NUMARALARI (KOHA)
Koha Biblionumber 1605
Koha Biblioitemnumber 1605
657 ## - INDEX SÜRE - İŞLEVİ
-- İlham verici öyküler
Holdings
Kalıcı Konum Mevcut Konum Edinme Tarihi Edinim Kaynak Toplam Check-Out'Lar Tam Çağrı Numarası Barkod Tarih Son Görülme İtibaren Geçerli Fiyatlar Koha Öğesi Türü Toplam Yenileme Tarihi Geçen Teslim Kopya Sayısı
CHP Kütüphanesi CHP Kütüphanesi 10/01/2016 Bağış 1 813.42 Ö94a 2010 004283 05/23/2022 10/01/2016 Books 1 04/05/2022 k.2
Parti Okulu Kütüphanesi Parti Okulu Kütüphanesi 09/28/2016 Bağış   813.42 Ö94a 2010 P00628 09/28/2016 09/28/2016 Books